| 000 | 01166nam0a22002891 4500 | ||
|---|---|---|---|
| 001 | rc\3177087 | ||
| 005 | 20120615113443.6 | ||
| 021 |
_aRU _b76-17085 |
||
| 021 |
_aRU _bРг5602-76 |
||
| 035 | _a(NLR Aleph) 007311694 | ||
| 090 |
_a5816751 _c5816751 |
||
| 100 | _a20120615d1976 |||y0rusy50 ca | ||
| 101 | 0 | _arus | |
| 102 | _aRU | ||
| 105 | _ay z ||||| | ||
| 200 | 1 |
_aСпециализация сельского хозяйства Целиноградской области _f[ВДНХ СССР]. М-во с. х. КазССР, КазССР. НИИ экономики и организации сел. хоз-ва |
|
| 210 |
_aАлма-Ата _cБ. и. _d1976 |
||
| 215 |
_a14 с. _d20 |
||
| 300 | _aНа обл. авт. не указаны | ||
| 300 | _aПеред загл. авт.: Г.М. Турмамбаев, к.э.н., В.А. Плотников, к. с.-х. н. | ||
| 700 | 1 |
_aТурмамбаев _bГ. М. _gГеннадий Музафарович |
|
| 701 | 1 |
_aПлотников _bВ. А. _gВячеслав Афанасьевич |
|
| 801 | 0 |
_aRU _bNLR _gpsbo |
|
| 801 | 1 |
_aRU _bELAR _2rusmarc |
|
| 852 |
_aNLR _j76-4/16397 |
||
| 942 | _cBOOK | ||
| 980 | _aNB | ||